| 000 | 00300 a2200121 4500 | ||
|---|---|---|---|
| 001 | 64030 | ||
| 082 | _a620.00452 INT | ||
| 090 |
_c37825 _d37825 |
||
| 100 | _aIntel | ||
| 245 |
_aComponents quality/reliability Handbook _hEnglish |
||
| 260 |
_aCanada _bIntel corporation _c1988 |
||
| 300 | _a230P. | ||
| 942 |
_aNUST-CAE _k620.00452 INT |
||
| 999 |
_c299103 _d299103 |
||